000 00493nam a2200205Ia 4500
999 _c5665
_d5665
003 0100
008 130227s9999 xx 000 0 und d
040 _cARRUPELIB
050 _aDT2988.R48 1978
100 _aCatholic Institute of International Relations
_931907
245 _aRhodesia after the internal settlement
260 _bCIIR
_aLondon
_c1978
300 _a25p.
300 _b 21cm.
650 _bZimbabwe
_xHistory
_xChimurenga War
_xPeace
_931908
650 _bZimbabwe
_x Politics
_y1965-1979
_926452
942 _2lcc
_cMONOGRAPH